00805nam a22002297a 450000500170000000800410001701000150005802000260007303500130009903700130011204000130012508200080013824501250014626000340027127000690030530000360037450000640041052000260047465000300050070000240053070000210055420121218113918.0121218t xxu||||| |||| 00| 0 eng d aENG-106381 a9789380607108c995.00 aEN-89914 bDBAD/PUB aDPLbENG a95400aNarratives from the margins :baspects of adivasi history in India /cedited by Sanjukta Das Gupta [and] Raj Sekhar Basu aNew DelhibPrimus Booksc2012 aVirat Bhavan, Mukherjee Nagar Commercial Complex bDelhie110009 axiii, 298 p. :bill. c25cm(Hb) aIncludes bibliographical references (p. 275-289) and index. aContributed articles. 0aAdivasiszIndiaxHistory.1 aDas Gupta, Sanjukta1 aBasu, Raj Sekhar